EG finance (Record no. 81028)

MARC details
000 -LEADER
fixed length control field 00808cab a22002055a 4500
001 - CONTROL NUMBER
control field L146102
008 - FIXED-LENGTH DATA ELEMENTS--GENERAL INFORMATION
fixed length control field 081210e20081206xxkdo f s 000 0 eng d
035 ## - SYSTEM CONTROL NUMBER
System control number (Sirsi) u146102
041 0# - LANGUAGE CODE
Language code of text/sound track or separate title eng
100 1# - MAIN ENTRY--PERSONAL NAME
Personal name Phillips, Mike
245 00 - TITLE STATEMENT
Title EG finance
260 ## - PUBLICATION, DISTRIBUTION, ETC.
Date of publication, distribution, etc. 2008
490 ## - SERIES STATEMENT
Series statement Estates Gazette
Volume/sequential designation (0848) 6 December 2008, 31-43(7)
520 ## - SUMMARY, ETC.
Summary, etc. Regular feature looks at property finance and investment. Includes sections on raising capital in a difficult market, a focus on the loan books of Halifax Bank of Scotland (HBOS) and the Royal Bank of Scotland (RBS) and an interview with Macquarie Global Property Advisers' (MPGA) Alex Jeffries on the growing demands on private equity funds.
590 ## - LOCAL NOTE (RLIN)
Local note KA
651 #4 - SUBJECT ADDED ENTRY--GEOGRAPHIC NAME
Geographic name United Kingdom
Chronological subdivision
690 ## - LOCAL SUBJECT ADDED ENTRY--TOPICAL TERM (OCLC, RLIN)
Topical term or geographic name as entry element PROPERTY
700 1# - ADDED ENTRY--PERSONAL NAME
Personal name Banks, David
942 ## - ADDED ENTRY ELEMENTS (KOHA)
Suppress in OPAC 0
Holdings
Withdrawn status Lost status Source of classification or shelving scheme Damaged status Not for loan Home library Current library Shelving location Date acquired Total Checkouts Full call number Barcode Date last seen Copy number Price effective from Koha item type
    Dewey Decimal Classification     London London Journal article 10/12/2008   L146102 146102-1001 06/08/2019 1 06/08/2019 Journal article